[Event "I Classic Chess"]
[Site "http://www.queenalice.com/game.php?id=1472581"]
[Date "2017.4.9"]
[Round "2"]
[White "tariann"]
[Black "RenanHelmann"]
[Result "1-0"]
[WhiteElo "2153"]
[BlackElo "1526"]

1. e4 e5 2. Nf3 Nc6 3. Bb5 Qf6 4. O-O Nd4 5. Nxd4 exd4 6. d3 Bd6 7. Re1 Nh6 8.
e5 Bxe5 9. f4 c6 10. fxe5 Qh4 11. Re4 Qe7 12. Ba4 O-O 13. Qh5 d5 14. exd6 Qxd6
15. Bxh6 gxh6 16. Nd2 Qb4 17. Nf3 Qxa4 18. Qxh6 Bf5 19. Qg5+ Bg6 20. Nxd4 Rae8
21. Ne6 Qb5 22. Qxb5 cxb5 23. Nxf8 Bxe4 24. Nd7 Re7 25. Nf6+ Kg7 26. Nxe4 f5 27.
Nd6 Kf6 28. Nxb5 a5 29. Nc3 Kg5 30. Kf2 h5 31. Re1 Rc7 32. Re2 f4 33. Re5+ Kg4
34. Rxa5 1-0

[Event "AUTO-INT-3239"]
[Site "http://www.queenalice.com/game.php?id=1472666"]
[Date "2017.4.9"]
[Round "1"]
[White "RenanHelmann"]
[Black "zmanomega"]
[Result "1-0"]
[WhiteElo "1463"]
[BlackElo "1738"]

1. e4 e5 2. Nf3 d6 3. Nc3 c6 4. d4 Bg4 5. dxe5 Bxf3 6. Qxf3 dxe5 7. Bc4 Nf6 8.
Bg5 Be7 9. O-O Nbd7 10. Rad1 Qb6 11. Qg3 Qxb2 12. Na4 Qxc2 13. Bb3 Qxe4 14. Rfe1
Qg6 15. Bxf6 Qxf6 16. h4 O-O-O 17. Qe3 b6 18. g4 c5 19. Qd3 Qxh4 20. Bd5 Qxg4+
21. Kf1 Nf6 22. Qa6+ Kc7 23. Qb7+ Kd6 24. Qc6# 1-0

[Event "AUTO-INT-3239"]
[Site "http://www.queenalice.com/game.php?id=1472667"]
[Date "2017.4.9"]
[Round "1"]
[White "zmanomega"]
[Black "RenanHelmann"]
[Result "0-1"]
[WhiteElo "1711"]
[BlackElo "1490"]

1. e4 e5 2. f4 exf4 3. Nf3 d5 4. Bd3 Bg4 5. Bb5+ c6 6. Ba4 dxe4 7. O-O exf3 8.
Qe1+ Be7 9. gxf3 Bh3 10. Rf2 Nf6 11. d3 O-O 12. Bxf4 Re8 13. Qc3 Ne4 14. fxe4
Bf6 15. Qb3 Bd4 16. Nd2 Qh4 17. Bg3 Bxf2+ 18. Bxf2 Qg5+ 19. Bg3 Qxd2 20. Bf2 b5
21. Re1 bxa4 22. Qxa4 h5 23. Qc4 Qg5+ 24. Bg3 h4 25. Re3 Qxe3+ 26. Bf2 Qc1+ 0-1

[Event "AUTO-INT-3239"]
[Site "http://www.queenalice.com/game.php?id=1472668"]
[Date "2017.4.9"]
[Round "1"]
[White "RenanHelmann"]
[Black "julianowagner"]
[Result "0-1"]
[WhiteElo "1427"]
[BlackElo "1462"]

1. e4 d5 2. exd5 Qxd5 3. Nc3 Qd8 4. Qh5 Nf6 5. Qf3 e6 6. Nge2 Be7 7. d4 O-O 8.
Qg3 Bd6 9. Bf4 Nc6 10. Bxd6 Qxd6 11. Nb5 Qb4+ 12. Nbc3 Qxb2 13. Rc1 Nxd4 14. Qd3
Rd8 15. Na4 Qb4+ 16. c3 Qa5 17. Rd1 Nf3+ 18. Qxf3 Rxd1+ 19. Kxd1 Qxa4+ 20. Ke1
Qxa2 21. Nc1 Qa1 22. Qd1 Bd7 23. Bd3 Qxc3+ 24. Kf1 Bc6 25. Be2 Ne4 26. f3 Nd2+
27. Kf2 h6 28. Nd3 Rd8 29. Nf4 Ne4+ 30. fxe4 Rxd1 31. Rxd1 Qf6 32. g3 e5 33. Rc1
exf4 34. gxf4 Qxf4+ 35. Bf3 Qxc1 36. e5 Qf4 37. e6 Qxf3+ 0-1

[Event "AUTO-INT-3239"]
[Site "http://www.queenalice.com/game.php?id=1472669"]
[Date "2017.4.9"]
[Round "1"]
[White "julianowagner"]
[Black "RenanHelmann"]
[Result "1-0"]
[WhiteElo "1477"]
[BlackElo "1412"]

1. d4 Nf6 2. c4 d5 3. Nc3 dxc4 4. Qa4+ c6 5. Qxc4 Be6 6. Qb4 Nd5 7. Nxd5 Bxd5 8.
Qxb7 Nd7 9. Bf4 e6 10. Bc7 Qc8 11. Qxc8+ Rxc8 12. Ba5 c5 13. e3 cxd4 14. exd4
Rc2 15. Bc3 Bd6 16. Nf3 e5 17. Bd3 Rxc3 18. bxc3 Bxf3 19. gxf3 O-O 20. dxe5 Bxe5
21. Rc1 Nc5 22. Bc4 Rc8 23. O-O Ne6 24. Bxe6 fxe6 25. c4 Rf8 26. Kg2 h5 27. Rfe1
Bb2 28. Rc2 Ba3 29. Rxe6 Kf7 30. Ra6 Bc5 31. Rb2 g6 32. Rb7+ Be7 33. Raxa7 Re8
34. c5 Kf6 35. c6 Bc5 36. Rf7+ Kg5 37. Ra5 Re5 38. c7 Bd6 39. Rxe5+ Bxe5 40.
c8=Q 1-0

[Event "Challenge"]
[Site "http://www.queenalice.com/game.php?id=1474945"]
[Date "2017.4.24"]
[Round "-"]
[White "RenanHelmann"]
[Black "mvson33"]
[Result "1-0"]
[WhiteElo "1522"]
[BlackElo "1668"]

1. e4 d5 2. Nc3 dxe4 3. Nxe4 Nd7 4. Nf3 Ngf6 5. Nxf6+ Nxf6 6. d4 Bg4 7. c3 e6 8.
Qa4+ c6 9. Bg5 Be7 10. Bxf6 Bxf6 11. d5 Bf5 12. dxc6 O-O 13. cxb7 Rb8 14. Qxa7
Be4 15. Ba6 Qc7 16. O-O Bxb7 17. Bxb7 Rxb7 18. Qe3 Rxb2 19. Rfc1 Rfb8 20. a4
Bxc3 21. Rxc3 Rb1+ 22. Rxb1 Rxb1+ 23. Ne1 Qd7 24. h3 h6 25. a5 Qd1 26. Kf1 Ra1
27. Ra3 Rxa3 28. Qxa3 Qd5 29. a6 Qa8 30. a7 f6 31. Nd3 Kf7 32. Qc5 e5 33. Qc7+
Kg6 34. Qb8 1-0

[Event "Challenge"]
[Site "http://www.queenalice.com/game.php?id=1474946"]
[Date "2017.4.24"]
[Round "-"]
[White "mvson33"]
[Black "RenanHelmann"]
[Result "1-0"]
[WhiteElo "1824"]
[BlackElo "1515"]

1. e4 e5 2. Nf3 Nc6 3. Bc4 Nf6 4. d3 d5 5. exd5 Nxd5 6. O-O Bg4 7. h3 Bxf3 8.
Qxf3 Ncb4 9. Bb3 Bc5 10. a3 Nxd3 11. cxd3 Nf4 12. Bxf4 exf4 13. Re1+ Be7 14. Nc3
O-O 15. Qxf4 Bf6 16. Rad1 g5 17. Qf3 c6 18. Bc2 Rc8 19. d4 Qb6 20. Qf5 Rcd8 21.
Qxh7# 1-0

[Event "Challenge"]
[Site "http://www.queenalice.com/game.php?id=1478527"]
[Date "2017.5.18"]
[Round "-"]
[White "AdilsonGomes"]
[Black "RenanHelmann"]
[Result "1-0"]
[WhiteElo "1527"]
[BlackElo "1483"]

1. b3 e5 2. Bb2 Nc6 3. e3 d5 4. d4 Qe7 5. c3 Nf6 6. b4 exd4 7. b5 dxc3 8. Bxc3
d4 9. Bxd4 Nxd4 10. Qxd4 a6 11. b6 cxb6 12. Qxb6 Qe5 13. Qd4 Qxd4 14. exd4 Bb4+
15. Nd2 Bc3 16. Ne2 Bxa1 17. Nb3 1-0

[Event "Challenge"]
[Site "http://www.queenalice.com/game.php?id=1478528"]
[Date "2017.5.18"]
[Round "-"]
[White "RenanHelmann"]
[Black "AdilsonGomes"]
[Result "0-1"]
[WhiteElo "1498"]
[BlackElo "1512"]

1. e4 b6 2. Bc4 Bb7 3. Qf3 e6 4. d4 d5 5. exd5 exd5 6. Bb5+ c6 7. Ba4 Qe7+ 8.
Ne2 Qb4+ 9. Nec3 Qe7+ 10. Be3 Nd7 11. O-O b5 12. Bb3 Nh6 13. Re1 Nf6 14. Nd2
Nfg4 15. Bxh6 Nxh6 16. Rxe7+ Bxe7 17. Re1 b4 0-1